New world of indigenous resistance : (Record no. 57245)

MARC details
000 -LEADER
fixed length control field 01638nam a22003497a 4500
005 - DATE AND TIME OF LATEST TRANSACTION
control field 20111003164314.0
008 - FIXED-LENGTH DATA ELEMENTS--GENERAL INFORMATION
fixed length control field 111003t xxu||||| |||| 00| 0 eng d
010 ## - LCCN (DPL NO)
LC control number ENG-103860
020 ## - INTERNATIONAL STANDARD BOOK NUMBER
International Standard Book Number 9788125043256
Terms of availability 550.00
035 ## - SYSTEM CONTROL NUMBER
System control number EN-87393
037 ## - SOURCE OF ACQUISITION
Source of stock number/acquisition DBAD/PUB
040 ## - CATALOGING SOURCE
Original cataloging agency DPL
Language of cataloging Eng
082 00 - DEWEY DECIMAL CLASSIFICATION NUMBER
Classification number 323.17
Edition number 22
245 00 - TITLE STATEMENT
Title New world of indigenous resistance :
Remainder of title Noam Chomsky and voices from North, South, and Central America /
Statement of responsibility, etc edited by Lois Meyer and Benjamín Maldonado Alvarado
260 ## - PUBLICATION, DISTRIBUTION, ETC. (IMPRINT)
Place of publication, distribution, etc New Delhi
Name of publisher, distributor, etc Orient Blackswan
Date of publication, distribution, etc 2011
270 ## - ADDRESS
Address 1/24, Asaf Ali Road
City New Delhi
Postal code 110002
300 ## - PHYSICAL DESCRIPTION
Extent 416 p.
Dimensions 22cm (pbk)
490 1# - SERIES STATEMENT
Series statement Open media series
-- 35205
500 ## - GENERAL NOTE
General note Includes bibliographical references and index.
600 10 - SUBJECT ADDED ENTRY--PERSONAL NAME
Personal name Chomsky, Noam.
9 (RLIN) 35206
600 10 - SUBJECT ADDED ENTRY--PERSONAL NAME
Personal name Chomsky, Noam
Form subdivision Interviews.
9 (RLIN) 35207
650 #0 - SUBJECT ADDED ENTRY--TOPICAL TERM
Topical term or geographic name as entry element Indigenous peoples
Geographic subdivision America
General subdivision Politics and government.
9 (RLIN) 35208
650 #0 - SUBJECT ADDED ENTRY--TOPICAL TERM
Topical term or geographic name as entry element Indigenous peoples
Geographic subdivision America
General subdivision Government relations.
9 (RLIN) 35209
650 #0 - SUBJECT ADDED ENTRY--TOPICAL TERM
Topical term or geographic name as entry element Government, Resistance to
Geographic subdivision America
General subdivision History.
9 (RLIN) 35210
700 1# - ADDED ENTRY--PERSONAL NAME
Personal name Meyer, Lois
9 (RLIN) 35211
700 1# - ADDED ENTRY--PERSONAL NAME
Personal name Maldonado Alvarado, Benjamín
9 (RLIN) 35212
830 #0 - SERIES ADDED ENTRY--UNIFORM TITLE
Uniform title Open Media book.
9 (RLIN) 35213
856 42 - ELECTRONIC LOCATION AND ACCESS
Materials specified Publisher description
Uniform Resource Identifier <a href="http://www.loc.gov/catdir/enhancements/fy1012/2010001368-d.html">http://www.loc.gov/catdir/enhancements/fy1012/2010001368-d.html</a>
942 ## - ADDED ENTRY ELEMENTS (KOHA)
Source of classification or shelving scheme Dewey Decimal Classification
Item type English Books
Classification part 323.17
Call number suffix NEW
Holdings
Withdrawn status Lost status Source of classification or shelving scheme Damaged status Not for loan Collection code Home library Current library Date acquired Source of acquisition Cost, normal purchase price Total Checkouts Full call number Barcode Date last seen Copy number Cost, replacement price Koha item type
    Dewey Decimal Classification   Not For Loan Non-fiction D.B.Act.Division D.B.Act.Division 03/10/2011 DBAD/PUB 550.00   323.17 NEW EN-87393 03/10/2011 1 550.00 English Books

© Delhi Public Library
Hit Counter
free hit counter